000 00584nam a2200193Ia 4500
003 OSt
005 20260318164337.0
008 210719s2005 xx 000 0 und d
040 _cAL
041 _aKonkani
082 _a891.463 ALVK
100 _aALVARIS (Jo Sa)
_d ಆಲ್ವಾರಿಸ್ (ಜೊ ಸಾ)
_9258904
245 _aKamalachem ghar bharlalo ajo
_bಕಮಲಾಚೆಂ ಘರ್ ಭರ್ಲೊಲೊ ಆಜೊ
260 _aManglur
_bKonkani Samstho.
_c2005
300 _a268
_bPB
365 _b50
_cRs
650 _aKonkani Fiction
_9258905
942 _2ddc
_cBK
999 _c214018
_d214018